| 000 | 01289nam a22003375a 4500 | ||
|---|---|---|---|
| 999 |
_c14922 _d14922 |
||
| 003 | OSt | ||
| 005 | 20240818095900.0 | ||
| 008 | 110119s2007 ua a frb 000 0 ara d | ||
| 017 | _a2007 / 3184 | ||
| 020 | _a977091973X | ||
| 040 |
_aEG-ScBUE _bara _cEG-ScBUE |
||
| 041 | 1 |
_aara _heng |
|
| 082 | 0 | 4 |
_a529 _bز و ي _222 |
| 100 | 1 |
_aزويل، أحمد، _d1946-2016. _917378 |
|
| 240 | 1 |
_aTime's mysteries and miracles. _lArabic |
|
| 245 | 1 | 2 |
_aالزمن : _bمحاضرات / _cأحمد زويل ؛ ترجمة مصطفى محمود سليمان. |
| 250 | _aط. 1. | ||
| 260 |
_aالقاهرة : _bدار الشروق، _c2007. |
||
| 300 |
_a36 ص. : _bإيض. ؛ _c20 سم. |
||
| 504 | _aيشتمل على قائمة ببليوجرافية. | ||
| 541 |
_aد. مصطفى محمود سليمان ؛ _cإهداء ؛ |
||
| 546 | _aالنص باللغة العربية ؛ مترجم من اللغة الإنجليزية. | ||
| 650 | 7 |
_aالزمن _vمقالات ومحاضرات. _2BUEsh |
|
| 651 | _2BUEsh | ||
| 653 |
_bGGEN _cDecember2017 |
||
| 700 | 1 |
_aسليمان، مصطفى محمود، _eمترجم. _939456 |
|
| 942 |
_2ddc _hRDA-MOD |
||
| 336 |
_2rdacontent _aنص _btxt |
||
| 337 |
_aبدون وسيط _2rdamedia _bn |
||
| 338 |
_aمجلد _bnc _2rdacarrier |
||